Эффективность парогазовых энергоблоков АЭС с регенеративным подогревом питательной воды; Теплофизические основы энергетических технологий

Dettagli Bibliografici
Parent link:Теплофизические основы энергетических технологий.— 2010.— [С. 150-154]
Autore principale: Кряжев А. В.
Riassunto:Заглавие с титульного листа
Lingua:russo
Pubblicazione: 2010
Soggetti:
Accesso online:http://www.lib.tpu.ru/fulltext/c/2010/C02/036.pdf
Natura: MixedMaterials Elettronico Capitolo di libro
KOHA link:https://koha.lib.tpu.ru/cgi-bin/koha/opac-detail.pl?biblionumber=233591

MARC

LEADER 00000naa2a2200000 4500
001 233591
005 20251219163733.0
035 |a (RuTPU)RU\TPU\book\254669 
035 |a RU\TPU\book\254666 
090 |a 233591 
100 |a 20130306d2010 k y0rusy50 ca 
101 0 |a rus 
102 |a RU 
135 |a drcn ---uucaa 
181 0 |a i  
182 0 |a b 
200 1 |a Эффективность парогазовых энергоблоков АЭС с регенеративным подогревом питательной воды  |f А. В. Кряжев 
203 |a Текст  |c электронный 
215 |a 1 файл (427 Kb) 
300 |a Заглавие с титульного листа 
320 |a [Библиогр.: с. 154 (2 назв.)] 
337 |a Adobe Reader 
463 1 |0 (RuTPU)RU\TPU\book\250339  |t Теплофизические основы энергетических технологий  |o сборник научных трудов Всероссийской научно-практической конференции с международным участием, 24 - 26 июня 2010 г., г. Томск  |f Национальный исследовательский Томский политехнический университет (ТПУ) ; ред. коллегия Г. В. Кузнецов [и др.]  |v [С. 150-154]  |d 2010 
610 1 |a труды учёных ТПУ 
610 1 |a электронный ресурс 
610 1 |a эффективность 
610 1 |a энергоблоки 
610 1 |a АЭС 
610 1 |a подогрев 
610 1 |a вода 
700 1 |a Кряжев  |b А. В. 
801 1 |a RU  |b 63413507  |c 20120830 
801 2 |a RU  |b 63413507  |c 20150320  |g RCR 
856 4 |u http://www.lib.tpu.ru/fulltext/c/2010/C02/036.pdf 
942 |c BK